000
00326nam a2200133Ia 4500
008
150201s2010 xx 000 0 und d
082
_a
616.07
_b
H10T
100
_a
TALIB,VH
245
2
_a
A HANDBOOK OF MEDICAL LABORATORY TECHNOLOGY
250
_a
2ND
260
_b
CBS
_a
DELHI
_c
2010
650
_a
PATHOLOGY
942
_2
ddc
_c
BK
_0
3
999
_c
1138
_d
1138